| 000 | 00800nam a2200193 a 4500 | ||
|---|---|---|---|
| 008 | 120416s2005 ||||||||||||||||| || u | ||
| 020 | _a0821359657 | ||
| 050 | _aIBRD(06)CFR/2005/2 | ||
| 110 | _aWorld Bank | ||
| 245 | 1 | 0 |
_aPrivate solutions for Infrastructure in Rwanda: a country framework report _cThe Public-Private Infrastructure Advisory Facility and the World Bank |
| 260 |
_aWashington, D. C. _bWorld Bank _c2005 |
||
| 300 | _axii, 103p. : ill. | ||
| 350 | _a0.00 | ||
| 490 | _aCountry framework report | ||
| 650 | _aINFRASTRUCTURE | ||
| 650 | _aPUBLIC-PRIVATE SECTOR COOPERATION--RWANDA | ||
| 650 | _aINFRASTRUCTURE--ECONOMICS--RWANDA | ||
| 995 |
_D0.00 _FCBU-MAIN LIBRARY (Kitwe) _H1 _I0.00 _M1 _UAVAILABLE _ZInternational Publications |
||
| 999 |
_c54699 _d54699 |
||